| Поле | Инд. | ПП | Название | Значение |
|---|---|---|---|---|
| Тип записи | a | |||
| Библиографический уровень | s | |||
| 001 | Контрольный номер | RU/IS/BASE/387377336 | ||
| 005 | Дата корректировки | 20260219114006.6 | ||
| 008 | Кодируемые данные | 20120410 | ||
| 022 | 0_ | a | ISSN | 0006-8136 (print); 2658-6339 (online) |
| 084 | a | Индекс другой классификации/Индекс ББК | 28.5 | |
| 090 | a | Полочн. индекс | Сводное описание журнала | |
| 097 | 00 | a | 110 | |
| 245 | 00 | a | Заглавие | Ботанический журнал |
| c | Ответственность | учредитель: Российская академия наук (РАН); Русское ботаническое общество; гл. ред. Л. В. Аверьянов | ||
| 260 | 00 | a | Место издания | Санкт-Петербург |
| b | Издательство | Наука | ||
| 300 | a | Объем | 168 с. | |
| 310 | a | Периодичность в н.в. | 12 раз в год | |
| 362 | 1_ | a | Даты публикации или номер тома | 2011 - |
| 500 | 00 | a | Примечание | Журнал, основан в 1916 году |
| a | Примечание | Заглавие до 1947 г.: Ботанический журнал СССР | ||
| 520 | 0_ | a | Аннотация | Журнал публикуются результаты завершенных оригинальных исследований в различных областях современной ботаники: теоретические и обзорные статьи, сообщения, систематические обзоры, описания новых таксонов и наиболее интересных флористических находок, новые методики, статьи, посвященные охране растительного мира. Освещаются научные мероприятия, юбилеи, потери науки, деятельность Русского ботанического общества (РБО), важнейшие ботанические новости, путешествия, а также история науки. Включен в перечень ВАК |
| 540 | b | Поставщик/Провайдер | РАН; ООО ИКЦ "Академкнига" | |
| a | Правовые условия | Бесплатный доступ с регистрацией | ||
| 540 | b | Поставщик/Провайдер | Российский центр научной информации (РЦНИ) | |
| c | Источник права | электронная подписка | ||
| 540 | a | Правовые условия | Бесплатный доступ с регистрацией | |
| b | Поставщик/Провайдер | eLIBRARY | ||
| 650 | 04 | a | Основная рубрика | ботаника; биология |
| 856 | 0_ | u | URL | http://sciencejournals.ru/list-issues/botjou/ |
| y | Справочный текст | Электронная версия | ||
| a | Имя сервера/домена | ИКЦ "Академкнига" | ||
| d | Путь | http://sciencejournals.ru/ | ||
| i | Указания/сценарий входа | Бесплатный доступ c регистрацией | ||
| z | Примечание для пользователя | Архив 2018 - 2023 гг. | ||
| 856 | 40 | a | Имя сервера/домена | Национальная платформа периодических научных изданий |
| d | Путь | https://journals.rcsi.science/ | ||
| i | Указания/сценарий входа | Доступ по логину и паролю с компьютеров университета | ||
| u | URL | https://journals.rcsi.science/0006-8136/index | ||
| y | Справочный текст | Электронная версия | ||
| z | Примечание для пользователя | Архив с 2023 г. по настоящее время | ||
| 856 | 40 | a | Имя сервера/домена | Научная электронная библиотека eLIBRARY.RU |
| d | Путь | http://elibrary.ru | ||
| i | Указания/сценарий входа | Доступ после регистрации на компьютерах университета | ||
| u | URL | https://elibrary.ru/contents.asp?id=33663855 | ||
| y | Справочный текст | Электронная версия | ||
| z | Примечание для пользователя | Архив 2011 - 2023 гг. | ||
| 900 | a | Имя электронного ресурса | obl_botanicteskii_jurnal | |
| x | Справочная информация | Обложка | ||
| 901 | t | Тип документа | u | |
| 952 | a | Тип литературы для КСУ ВШ | НЖ |